Emerging issues in modern marketing (Record no. 5911)

MARC details
000 -LEADER
fixed length control field 00750 a2200193 4500
005 - DATE AND TIME OF LATEST TRANSACTION
control field 2008082505125.0
008 - FIXED-LENGTH DATA ELEMENTS--GENERAL INFORMATION
fixed length control field 080825t xxu||||| |||| 00| 0 eng d
010 ## - LIBRARY OF CONGRESS CONTROL NUMBER
LC control number ENG-87068
020 ## - INTERNATIONAL STANDARD BOOK NUMBER
International Standard Book Number 8185044465
Terms of availability 315.00
035 ## - SYSTEM CONTROL NUMBER
System control number EN-70601
037 ## - SOURCE OF ACQUISITION
Source of stock number/acquisition DBAD / PUB
082 ## - DEWEY DECIMAL CLASSIFICATION NUMBER
Classification number 658.8
245 ## - TITLE STATEMENT
Title Emerging issues in modern marketing
Statement of responsibility, etc edited by D.D. Arora
260 ## - PUBLICATION, DISTRIBUTION, ETC. (IMPRINT)
Place of publication, distribution, etc New Delhi
Name of publisher, distributor, etc UDH Publishers & Distributors
Date of publication, distribution, etc 2004
270 ## - ADDRESS
Address 4762-63/23, Ansari Road, Darya Ganj,
City New Delhi
Postal code 110 002
300 ## - PHYSICAL DESCRIPTION
Extent xi, 164p.
Dimensions 21cm (Hb)
942 ## - ADDED ENTRY ELEMENTS (KOHA)
Institution code [OBSOLETE] dpl
Koha item type English Books
Call number prefix 658.8 / EME
Source of classification or shelving scheme Dewey Decimal Classification
Classification part 658.8
Call number suffix EME
Holdings
Withdrawn status Lost status Damaged status Not for loan Home library Current library Date acquired Cost, normal purchase price Total Checkouts Full call number Barcode Date last seen Copy number Uniform Resource Identifier Cost, replacement price Price effective from Koha item type
        D.B.Act.Division D.B.Act.Division 25/08/2008 315.00   658.8 EME EN-70601 15/09/2008 1 6330 315.00 15/09/2008 English Books

© Delhi Public Library
Hit Counter
free hit counter